| Tag |
First Indicator |
Second Indicator |
Subfields |
| LEADER |
00000cam a2200000 a 4500 |
| 001 |
in00000344021 |
| 005 |
20151011053246.0 |
| 008 |
820520s1981 nyu b 00010 eng d |
| 010 |
|
|
|a 81069249
|
| 020 |
|
|
|a 0917386728 (Exec. ent.)
|
| 020 |
|
|
|a 0134356691 (Prentice-Hall, cloth)
|
| 020 |
|
|
|a 0134356519 (Prentice-Hall pbk.) :
|c $4.95
|
| 035 |
|
|
|a (OCoLC)08443919
|
| 035 |
|
|
|9 ABL6634AM
|
| 040 |
|
|
|a LCI
|c LCI
|d TXA
|d UtOrBLW
|
| 049 |
|
|
|a TXAM
|c [1656997]
|
| 090 |
|
|
|a HD30.23
|b B37 1981
|
| 100 |
1 |
|
|a Bay, Timothy.
|
| 245 |
1 |
0 |
|a How to turn problems into solutions :
|b a manager's guide /
|c by Timothy Bay.
|
| 264 |
|
1 |
|a New York, N.Y. :
|b Executive Enterprises Pub. Co. ;
|a Englewood Cliffs, N.J. :
|b Prentice-Hall,
|c [1981]
|
| 264 |
|
4 |
|c ©1981
|
| 300 |
|
|
|a 79 pages ;
|c 21 cm.
|
| 336 |
|
|
|a text
|b txt
|2 rdacontent
|
| 337 |
|
|
|a unmediated
|b n
|2 rdamedia
|
| 338 |
|
|
|a volume
|b nc
|2 rdacarrier
|
| 490 |
1 |
|
|a A hands-on management guide
|
| 504 |
|
|
|a Bibliography: page 79.
|
| 650 |
|
0 |
|a Management.
|
| 650 |
|
0 |
|a Problem solving.
|
| 650 |
|
0 |
|a Decision making.
|
| 830 |
|
0 |
|a Hands-on management guide.
|
| 999 |
|
|
|a MARS
|
| 999 |
f |
f |
|s af8bc632-e23b-3184-875b-b37d3ef93b0d
|i 2db5cbfe-62d1-32d2-ba3d-efe62b966269
|t 0
|
| 952 |
f |
f |
|p ric
|a Texas A&M University
|b Rellis Campus
|c Joint Library Facility
|d Remote Storage
|t 0
|e HD30.23 B37 1981
|h Library of Congress classification
|i unmediated -- volume
|m A14807250085
|
| 998 |
f |
f |
|a HD30.23 B37 1981
|t 0
|l Remote Storage
|